Nové trendy v hodnotení skúšaní a známkovaní študentov cez internet

Hodnotenie, skúšanie a známkovanie online študentov v dištančnom vzdelávaní cez internet. Systémy na riadenie výučby sú vo všeobecnosti akceptovaným nástrojom podporujúcim virtuálne vzdelávanie.

Saved in:
Bibliographic Details
Main Author: Schindler, Frank
Format: Book Chapter
Language:Slovak
Subjects:
Tags: Add Tag
No Tags, Be the first to tag this record!

MARC

LEADER 00000naa$a2200000$$$4500
001 0037421
005 20231010123450.3
041 0 |a slo 
044 |a SK 
245 1 0 |a Nové trendy v hodnotení skúšaní a známkovaní študentov cez internet  |c Frank Schindler 
520 |a Hodnotenie, skúšanie a známkovanie online študentov v dištančnom vzdelávaní cez internet. Systémy na riadenie výučby sú vo všeobecnosti akceptovaným nástrojom podporujúcim virtuálne vzdelávanie. 
610 2 0 |a vzdelávanie dištančné 
610 2 0 |a internet 
610 2 0 |a systém on-line 
610 2 0 |a vzdelávanie elektronické 
610 2 0 |a výučba vedecká 
610 2 0 |a vyučovanie 
610 2 0 |a testy didaktické 
610 2 0 |a učitelia 
610 2 0 |a študenti 
100 1 |a Schindler, Frank